عرض عادي
عرض مارك
- Sioud, Mouldy.
مدخل إسم شخص
001 - رقم الضبط
- حقل الضبط: 18958
003 - معرف رقم الضبط
- حقل الضبط: OSt
005 - تاريخ ووقت أخر عملية
- حقل الضبط: 20121227215604.0
008 - عناصر بيانات ثابتة الطول
- حقل تحكم ثابت الطول: 121227|||a|||||| | ||| d
040 ## - مصدر الفهرسة
- هيئة الفهرسة الأصلية: OSt
- وكالة الكتابة: OSt
100 ## - مدخل -- أسم شخص
- إسم شخص: Sioud, Mouldy.
670 ## - بيانات المصدر موجوده
- الاستشهاد بالمصدر: Work cat.: (OSt)0: RNA therapeutics :, c2010.
